| 000 | 00740ntm a22002057a 4500 | ||
|---|---|---|---|
| 005 | 20170809113804.0 | ||
| 008 | 170802s2011 xx a frb 000 0 eng d | ||
| 040 |
_aEG-ScBUE _beng _cEG-ScBUE |
||
| 082 | 0 | 4 |
_222 _a624 _bALI |
| 100 | 1 | _aAli, Nouran M. | |
| 245 | 1 | 0 |
_aCinem(A) architecture fiction to reality / _cby Nouran M. ali. |
| 260 | _c2011 | ||
| 300 |
_axi, 59 p. : _bill ; _c28 cm. |
||
| 500 | _aA dissertation submitted to the faculty of engineering. the British university in Egypt, in partial Fulfillment of the requirements for the bachelor degree in Architectural Engineering | ||
| 590 | _akarima | ||
| 650 | 7 |
_2BUEsh _aArchitectural Engineering _vProjects |
|
| 653 |
_bENGARC _cAugust2017 |
||
| 655 | _vSPRO | ||
| 942 | _2ddc | ||
| 999 |
_c25308 _d25280 |
||